000 00522nam a2200181Ia 4500
999 _c37390
_d37390
003 OSt
005 20200929094507.0
008 190216s9999||||xx |||||||||||||| ||und||
020 _a0283352779
040 _coclc
082 _a596.038
_bCAR/S
100 _aCarter, G S
_95099
245 0 _aStructure And Habit In Vertebrate Evolution /
_cG S Carter
260 _bSidgwich And Jackson,
_c1971.
_aLondon:
300 _a520p
650 _aZoology
942 _cBK
_2ddc
_h596.038
_iCAR/S
_k596.038
_mCAR/S